Statistics for Obscure Knowledge

Click here to take the quiz!

General Stats

  • This quiz has been taken 10 times
  • The average score is 6 of 15

Answer Stats

HintAnswer% Correct
Who is on the cover image of this quiz?Cookie monster
80%
What is the Latin word for window?Fenestra
80%
What is the limit as x approaches infinity of e^x?infinity
70%
What is the capital of Saskatchewan?Regina
70%
How do you say "prototype" in French?Prototype
60%
What is the hexcode for black?000000
50%
Who is the lead singer of Metallica?James Hetfield
40%
Who invented the first ballpoint pen?Laszlo Biro
40%
Who is the man who got a pole stuck in his head?Phineas Gage
30%
What carbohydrate is in milk?Galactose
20%
What is the process of turning a sphere inside out called?sphere eversion
20%
What is the scientific name of the beluga whale?Delphinapterus leucas
10%
What is the third most winner of the Emmys in TV history? (37)Fraiser
10%
What is the culture of bacteria and yeast used to make kombucha?SCOBY
10%
What do you call the patterns created by double slit interference?fringes
0%

Score Distribution

Percentile by Number Answered

Percent of People with Each Score

Your Score History

You have not taken this quiz